书目信息 |
| 题名: |
汉语成语大词典
|
|
| 作者: | ;湖北大学古籍研究所 编 | |
| 分册: | ||
| 出版信息: | 北京 中华书局 2002 |
|
| 页数: | 1611页 | |
| 开本: | 32开 | |
| 丛书名: | ||
| 单 册: | ||
| 中图分类: | H136.3-61 | |
| 科图分类: | ||
| 主题词: | 汉语--成语词典 , 汉语--语义 , 汉语--语义学 , 汉语--词汇 , 训诂 | |
| 电子资源: | ||
| ISBN: | 7-101-03117-X | |
| 000 | 00731nam0 2200253 45 | |
| 001 | 0110141455 | |
| 005 | 20031219104058.3 | |
| 010 | @a7-101-03117-X@b精装@dCNY60.00 | |
| 100 | @a20011014d2002 km y0chiy0120 ea | |
| 101 | 0 | @achi |
| 105 | @a z 000yy | |
| 200 | 1 | @a汉语成语大词典@AHan Yu Cheng Yu Da Ci Dian@f湖北大学古籍研究所编@FHu Bei Da Xue Gu Ji Yan Jiu Suo Bian |
| 210 | @a北京@c中华书局@d2002 | |
| 215 | @a1611页@d32开 | |
| 320 | @a书末附:词目笔画索引 | |
| 606 | 0 | @a汉语@x成语词典 |
| 606 | 0 | @a汉语@x语义 |
| 606 | 0 | @a汉语@x语义学 |
| 606 | 0 | @a汉语@x词汇 |
| 606 | 0 | @a训诂 |
| 690 | @aH136.3-61@v4 | |
| 711 | 02 | @a湖北大学古籍研究所@4编 |
| 801 | @aCN@bTSTC@c20011014 | |
| 905 | @b315543@dH136.3-61@e109≈2@f1 | |
| 汉语成语大词典/湖北大学古籍研究所编.-北京:中华书局,2002 |
| 1611页;32开 |
| ISBN 7-101-03117-X(精装):CNY60.00 |
| ● |
| 相关链接 |
|
|
|
|
正题名:汉语成语大词典
索取号:H136.3-61/109≈2
 
预约/预借
| 序号 | 登录号 | 条形码 | 馆藏地/架位号 | 状态 | 备注 |
| 1 | 0315543 | 203155432 | 第二样本阅览室/ [索取号:H136.3-61/109≈2] | 在馆 |